[Event "St Petersburg Early Bird Rating"]
[Site "St Petersburg"]
[Date "2014.06.12"]
[Round "6"]
[White "Manin, Viktor L"]
[Black "Feofanov, Denis"]
[Result "0-1"]
[WhiteElo "2177"]
[BlackElo "2284"]
[PlyCount "148"]
[EventDate "2014.06.07"]
[EventType "swiss"]
[EventRounds "9"]
[EventCountry "RUS"]
[SourceTitle "CBM 160 Extra"]
[Source "ChessBase"]
[SourceDate "2014.07.01"]
[SourceVersion "1"]
[SourceVersionDate "2014.07.01"]
[SourceQuality "1"]

1. e4 Nf6 2. e5 Nd5 3. Bc4 Nb6 4. Bb3 c5 5. c3 d5 6. d4 cxd4 7. cxd4 Bf5 8. Ne2 e6 9. 0-0 Be7 10. Ng3 Bg6 11. f4 Qd7 12. Nc3 Nc6 13. Be3 Na5 14. Bc2 Bxc2 15. Qxc2 g6 16. Rad1 Nbc4 17. Bc1 Nc6 18. Kh1 h5 19. Nge2 Bb4 20. Ng1 Ne7 21. a3 Bxc3 22. Qxc3 Rc8 23. Qe1 b6 24. Nf3 Nf5 25. Ng5 Kf8 26. Rf3 Kg7 27. Rc3 Na5 28. Nf3 Rxc3 29. bxc3 Qe7 30. Rd2 Rc8 31. Rc2 Rc4 32. h3 h4 33. Kg1 Nb3 34. Be3 Rc8 35. Bf2 Rh8 36. c4 dxc4 37. Rxc4 Na5 38. Rc3 Rd8 39. Qc1 b5 40. Rc7 Rd7 41. Rc8 Nc4 42. Qe1 Nb6 43. Rc5 Rc7 44. Nxh4 Rxc5 45. Nxf5+ exf5 46. dxc5 Nd5 47. c6 Nxf4 48. Qd2 Ne6 49. Qa5 Qg5 50. Qc3 Qe7 51. Qb4 Qg5 52. Qc3 Qe7 53. Qe3 a5 54. Qc1 Qc7 55. Qc3 b4 56. axb4 axb4 57. Qxb4 Qxc6 58. Qe7 Qc1+ 59. Kh2 Qf4+ 60. Bg3 Qe3 61. Qf6+ Kg8 62. Qh4 g5 63. Qb4 f4 64. Be1 f3 65. gxf3 Nd4 66. Qc3 Nxf3+ 67. Kg3 Qxe1+ 68. Qxe1 Nxe1 69. Kg4 Nd3 70. Kf5 Kg7 71. e6 fxe6+ 72. Kxg5 Ne5 73. h4 Nf3+ 74. Kg4 Nxh4 0-1

[Event "St Petersburg White Nights op"]
[Site "St Petersburg"]
[Date "2012.06.10"]
[Round "9"]
[White "Chernyak, Viktoria"]
[Black "Feofanov, Denis"]
[Result "0-1"]
[WhiteElo "1862"]
[BlackElo "2315"]
[PlyCount "78"]
[EventDate "2012.06.02"]
[EventType "swiss"]
[EventRounds "9"]
[EventCountry "RUS"]
[SourceTitle "CBM 148 Extra"]
[Source "ChessBase"]
[SourceDate "2012.06.22"]
[SourceVersion "1"]
[SourceVersionDate "2012.06.22"]
[SourceQuality "1"]

1. e4 Nf6 2. e5 Nd5 3. d4 d6 4. c4 Nb6 5. exd6 cxd6 6. h3 g6 7. Nf3 Bg7 8. Be2 0-0 9. 0-0 Bf5 10. Nc3 Nc6 11. Be3 d5 12. c5 Nc4 13. b3 Nxe3 14. fxe3 e5 15. dxe5 Nxe5 16. Nxd5 Be4 17. Nf4 Nxf3+ 18. Bxf3 Bxf3 19. Qxf3 Bxa1 20. Rxa1 Qe7 21. Rc1 Rad8 22. e4 f5 23. b4 fxe4 24. Qb3+ Rf7 25. Nd5 Qe5 26. Rd1 Kg7 27. Ne3 Rxd1+ 28. Qxd1 Qb2 29. Nc4 Qc3 30. Nd6 Rf8 31. Qd5 Qc1+ 32. Kh2 Qf4+ 33. Kg1 e3 34. Qxb7+ Kh6 35. Qe7 Qf2+ 36. Kh2 e2 37. Ne4 e1Q 38. Qg5+ Kg7 39. Nxf2 Qxf2 0-1

[Event "St Petersburg Autumn op"]
[Site "St Petersburg"]
[Date "2011.11.03"]
[Round "7"]
[White "Minina, Veronika"]
[Black "Feofanov, Denis"]
[Result "1/2-1/2"]
[WhiteElo "2120"]
[BlackElo "2314"]
[PlyCount "96"]
[EventDate "2011.10.28"]
[EventType "swiss"]
[EventRounds "9"]
[EventCountry "RUS"]
[SourceTitle "EXT 2013"]
[Source "ChessBase"]
[SourceDate "2012.11.22"]
[SourceVersion "1"]
[SourceVersionDate "2012.11.22"]
[SourceQuality "1"]

1. Nf3 d6 2. d4 f5 3. g3 Nf6 4. Bg2 g6 5. 0-0 Bg7 6. b4 0-0 7. Bb2 Qe8 8. c4 c6 9. a4 Na6 10. Qb3 Nc7 11. Nbd2 h6 12. Rfe1 Qf7 13. Qc2 g5 14. b5 f4 15. bxc6 bxc6 16. c5 Rb8 17. cxd6 exd6 18. Ba3 Nfe8 19. e3 fxe3 20. fxe3 c5 21. Rf1 Qf5 22. Qxf5 Rxf5 23. Rac1 g4 24. Nh4 Rxf1+ 25. Kxf1 cxd4 26. exd4 Bb7 27. Nf5 Bxg2+ 28. Kxg2 d5 29. Nxg7 Kxg7 30. Re1 Rb6 31. Re7+ Kf6 32. Nf1 Ra6 33. Ne3 h5 34. Bc5 Rxa4 35. Rd7 Ra2+ 36. Kg1 Ra1+ 37. Kf2 Ra2+ 38. Kg1 Kg6 39. Nxd5 Nxd5 40. Rxd5 Nf6 41. Re5 a5 42. Be7 Ng8 43. d5 Nxe7 44. Rxe7 Rd2 45. Rd7 Kf5 46. d6 Ke6 47. Ra7 Kxd6 48. Rxa5 Rd5 1/2-1/2

[Event "St Petersburg Autumn op"]
[Site "St Petersburg"]
[Date "2009.??.??"]
[Round "6"]
[White "Feofanov, Denis"]
[Black "Svidinsky, Dmitry"]
[Result "1-0"]
[WhiteElo "2330"]
[BlackElo "2110"]
[PlyCount "85"]
[EventDate "2009.10.??"]
[EventType "swiss"]
[EventRounds "9"]
[EventCountry "RUS"]
[SourceTitle "EXT 2011"]
[Source "ChessBase"]
[SourceDate "2010.11.26"]
[SourceVersion "1"]
[SourceVersionDate "2010.11.26"]
[SourceQuality "1"]

1. d4 d5 2. Nf3 Nf6 3. e3 c6 4. c4 Bf5 5. Nc3 e6 6. Bd3 Bxd3 7. Qxd3 Nbd7 8. 0-0 Be7 9. e4 dxe4 10. Nxe4 Nxe4 11. Qxe4 0-0 12. Bf4 Nf6 13. Qe2 c5 14. dxc5 Bxc5 15. Rad1 Qe7 16. Rd3 Rfd8 17. Rfd1 h6 18. h3 Rac8 19. a3 a5 20. Ne5 Bb6 21. Qf3 Rxd3 22. Rxd3 Rd8 23. Rb3 Rd6 24. c5 Bxc5 25. Rxb7 Nd7 26. Nc6 Qf8 27. Bxd6 Qxd6 28. b4 axb4 29. axb4 Bd4 30. Nxd4 Qxd4 31. b5 Ne5 32. Qe2 Nc4 33. Rc7 Nb6 34. Rc6 Nd5 35. Qc4 Qa1+ 36. Kh2 Qe5+ 37. g3 f5 38. b6 f4 39. Rc8+ Kf7 40. Rc7+ Kg6 41. Qc2+ Kh5 42. Qd1+ Kg6 43. Qg4+ 1-0

[Event "St Petersburg Autumn op"]
[Site "St Petersburg"]
[Date "2009.??.??"]
[Round "4"]
[White "Feofanov, Denis"]
[Black "Tkachev, Ivan"]
[Result "1-0"]
[WhiteElo "2330"]
[BlackElo "1990"]
[PlyCount "68"]
[EventDate "2009.10.??"]
[EventType "swiss"]
[EventRounds "9"]
[EventCountry "RUS"]
[SourceTitle "EXT 2011"]
[Source "ChessBase"]
[SourceDate "2010.11.26"]
[SourceVersion "1"]
[SourceVersionDate "2010.11.26"]
[SourceQuality "1"]

1. d4 d5 2. Nf3 c6 3. c4 Nf6 4. e3 Bf5 5. cxd5 cxd5 6. Nc3 e6 7. Ne5 Nc6 8. g4 Bg6 9. h4 h6 10. Nxg6 fxg6 11. Bd3 Bd6 12. Bxg6+ Kd7 13. Bd2 Qb6 14. Qe2 a6 15. 0-0 Raf8 16. f4 Ne7 17. Bd3 g5 18. Na4 Qa7 19. fxg5 hxg5 20. h5 Neg8 21. Qg2 Nh6 22. Be2 Ne4 23. Be1 e5 24. Nc3 Rxf1+ 25. Bxf1 exd4 26. Nxd5 Nc5 27. exd4 Ne6 28. Bf2 Rf8 29. Re1 Nxd4 30. Rd1 Bc5 31. Kh1 a5 32. Bxd4 Bxd4 33. Qe4 Kc8 34. Qe6+ Kb8 1-0

[Event "St Petersburg Autumn op"]
[Site "St Petersburg"]
[Date "2009.??.??"]
[Round "8"]
[White "Feofanov, Denis"]
[Black "Usmanov, Vasily"]
[Result "1-0"]
[WhiteElo "2330"]
[BlackElo "2110"]
[PlyCount "245"]
[EventDate "2009.10.??"]
[EventType "swiss"]
[EventRounds "9"]
[EventCountry "RUS"]
[SourceTitle "EXT 2011"]
[Source "ChessBase"]
[SourceDate "2010.11.26"]
[SourceVersion "1"]
[SourceVersionDate "2010.11.26"]
[SourceQuality "1"]

1. c4 e6 2. Nc3 d5 3. d4 Be7 4. Nf3 Nf6 5. Bg5 h6 6. Bh4 0-0 7. e3 b6 8. Be2 Bb7 9. Bxf6 Bxf6 10. cxd5 exd5 11. Qb3 c6 12. 0-0 Nd7 13. Rad1 Re8 14. Bd3 Nf8 15. Bb1 Bc8 16. Qa4 Bd7 17. Rd2 g6 18. Rc1 Qb8 19. Qd1 Qb7 20. b4 Bg7 21. Qb3 Be6 22. Ne2 Nd7 23. Nf4 b5 24. a4 Nb6 25. axb5 cxb5 26. Nd3 Nc4 27. Ra2 Qb6 28. Nc5 a5 29. bxa5 Rxa5 30. Rxa5 Qxa5 31. Rc2 Na3 32. Ra2 b4 33. Rb2 Bf8 34. Qxb4 Qxb4 35. Rxb4 Bxc5 36. dxc5 Rc8 37. Bd3 Rxc5 38. h3 Kg7 39. Nd4 Kf6 40. Rb6 Nc4 41. Ra6 Ne5 42. Bc2 Ke7 43. f4 Nc4 44. Kf2 Nd6 45. g4 Bd7 46. Bd3 Ne4+ 47. Kf3 Nd2+ 48. Ke2 Ne4 49. f5 gxf5 50. gxf5 Nf6 51. Kf3 Rc1 52. Be2 Rh1 53. Kg3 Rg1+ 54. Kf4 Rh1 55. Ke5 Rxh3 56. Bf3 Ne8 57. f6+ Kf8 58. Ra8 Rg3 59. Rd8 Rg5+ 60. Kf4 Be6 61. Be2 Rg6 62. Bb5 Rxf6+ 63. Ke5 Kg7 64. Rxe8 Bh3 65. Rg8+ Kxg8 66. Kxf6 Kf8 67. Be2 Ke8 68. Bh5 Kd7 69. Bxf7 Kd6 70. Nf5+ Kc5 71. Ke5 Bg2 72. Nxh6 Kc4 73. Nf5 Be4 74. Nd6+ Kd3 75. Nxe4 Kxe3 76. Bxd5 Kd3 77. Be6 Ke3 78. Bc4 Kf3 79. Nc3 Ke3 80. Nd5+ Kf3 81. Bd3 Kg4 82. Kf6 Kg3 83. Kf5 Kf3 84. Kg5 Kg3 85. Be4 Kf2 86. Kf4 Ke2 87. Nc3+ Kd2 88. Na4 Ke2 89. Bf5 Kd2 90. Kf3 Kd1 91. Ke3 Kc1 92. Be4 Kd1 93. Nb2+ Kc1 94. Nc4 Kd1 95. Kd4 Ke2 96. Bc2 Kf3 97. Ke5 Kg4 98. Bd3 Kg5 99. Ne3 Kh6 100. Kf6 Kh5 101. Be2+ Kh6 102. Nf5+ Kh7 103. Nd6 Kh6 104. Nf7+ Kh7 105. Bd3+ Kg8 106. Bf5 Kf8 107. Bh7 Ke8 108. Ne5 Kd8 109. Ke6 Kc7 110. Nd7 Kc6 111. Bd3 Kc7 112. Bb5 Kd8 113. Nb6 Kc7 114. Nd5+ Kd8 115. Kd6 Kc8 116. Ke7 Kb7 117. Kd7 Kb8 118. Ba6 Ka7 119. Bc8 Kb8 120. Nc3 Ka7 121. Kc7 Ka8 122. Bb7+ Ka7 123. Nb5# 1-0

[Event "Petrovskaya Ladya IM1"]
[Site "Peterhof"]
[Date "2007.08.10"]
[Round "9"]
[White "Pogosian, Vladimir"]
[Black "Feofanov, Denis"]
[Result "0-1"]
[WhiteElo "2175"]
[BlackElo "2381"]
[PlyCount "72"]
[EventDate "2007.08.06"]
[EventType "tourn"]
[EventRounds "13"]
[EventCountry "RUS"]
[EventCategory "3"]
[SourceTitle "CBM 119 Extra"]
[Source "ChessBase"]
[SourceDate "2007.09.04"]
[SourceVersion "1"]
[SourceVersionDate "2007.09.04"]
[SourceQuality "1"]

1. f4 Nf6 2. Nf3 g6 3. d3 Bg7 4. g3 0-0 5. Bg2 c5 6. 0-0 Nc6 7. Nc3 d6 8. Ne4 Nxe4 9. dxe4 Qc7 10. c3 Rb8 11. h3 b5 12. g4 b4 13. cxb4 Rxb4 14. Qc2 Ba6 15. f5 Rfb8 16. fxg6 hxg6 17. e5 dxe5 18. a3 Rb3 19. Ng5 Nd4 20. Qd2 Nxe2+ 21. Kf2 e4 22. Nxe4 Qh2 23. Rh1 Bd4+ 24. Qxd4 Qxh1 25. Bxh1 cxd4 26. Nc5 Nxc1 27. Rxc1 Rxb2+ 28. Kg3 Ra2 29. a4 Be2 30. Bd5 Ra3+ 31. Kf4 Rc3 32. Rxc3 dxc3 33. Be4 c2 34. Bxc2 Rc8 35. Bd3 Bxd3 36. Nxd3 Rc4+ 0-1

[Event "Petrovskaya Ladya IM1"]
[Site "Peterhof"]
[Date "2007.08.08"]
[Round "4"]
[White "Kaliberda, Vladimir"]
[Black "Feofanov, Denis"]
[Result "1/2-1/2"]
[WhiteElo "2337"]
[BlackElo "2381"]
[PlyCount "27"]
[EventDate "2007.08.06"]
[EventType "tourn"]
[EventRounds "13"]
[EventCountry "RUS"]
[EventCategory "3"]
[SourceTitle "CBM 119 Extra"]
[Source "ChessBase"]
[SourceDate "2007.09.04"]
[SourceVersion "1"]
[SourceVersionDate "2007.09.04"]
[SourceQuality "1"]

1. d4 d6 2. Nf3 Nf6 3. g3 g6 4. Bg2 Bg7 5. 0-0 0-0 6. c4 c6 7. Nc3 Bf5 8. Qb3 Qb6 9. Be3 Ne4 10. Rfd1 Nxc3 11. Qxc3 Be4 12. Qd2 Na6 13. Ne1 Bxg2 14. Kxg2 1/2-1/2

[Event "Petrovskaya Ladya IM1"]
[Site "Peterhof"]
[Date "2007.08.07"]
[Round "3"]
[White "Feofanov, Denis"]
[Black "Eliseev, Alexey"]
[Result "1-0"]
[WhiteElo "2381"]
[BlackElo "2421"]
[PlyCount "87"]
[EventDate "2007.08.06"]
[EventType "tourn"]
[EventRounds "13"]
[EventCountry "RUS"]
[EventCategory "3"]
[SourceTitle "CBM 119 Extra"]
[Source "ChessBase"]
[SourceDate "2007.09.04"]
[SourceVersion "1"]
[SourceVersionDate "2007.09.04"]
[SourceQuality "1"]

1. d4 g6 2. Nf3 Bg7 3. c4 c5 4. d5 Nf6 5. Nc3 0-0 6. e4 d6 7. h3 e6 8. Bd3 exd5 9. exd5 Re8+ 10. Be3 Bh6 11. 0-0 Bxe3 12. fxe3 Nbd7 13. Qd2 Qe7 14. e4 a6 15. Rf2 Kg7 16. Raf1 Rf8 17. g4 Ne8 18. Qf4 h6 19. Qg3 b6 20. a3 Ra7 21. Kg2 Rb7 22. h4 Ndf6 23. Nh2 h5 24. g5 Ng4 25. Nxg4 Bxg4 26. Re1 Qe5 27. Qxe5+ dxe5 28. b4 f6 29. Rb1 Rff7 30. bxc5 bxc5 31. gxf6+ Nxf6 32. Rfb2 Rxb2+ 33. Rxb2 Bf3+ 34. Kg1 g5 35. hxg5 Ng4 36. d6 h4 37. Bf1 Ne3 38. Rf2 Bg4 39. Nd5 Nxd5 40. cxd5 Rxf2 41. Kxf2 Kg6 42. Bxa6 Bd7 43. a4 Bxa4 44. Bc8 1-0

[Event "St Petersburg Autumn op"]
[Site "St Petersburg"]
[Date "2006.11.07"]
[Round "8"]
[White "Shchukin, Dmitry"]
[Black "Feofanov, Denis"]
[Result "1-0"]
[WhiteElo "2336"]
[BlackElo "2351"]
[PlyCount "87"]
[EventDate "2006.10.31"]
[EventType "swiss"]
[EventRounds "9"]
[EventCountry "RUS"]
[SourceTitle "EXT 2007"]
[Source "ChessBase"]
[SourceDate "2006.11.23"]
[SourceVersion "1"]
[SourceVersionDate "2006.11.23"]
[SourceQuality "1"]

1. e4 Nf6 2. e5 Nd5 3. d4 d6 4. Bc4 c6 5. f4 Bf5 6. Ne2 dxe5 7. dxe5 e6 8. Ng3 Qh4 9. 0-0 Bc5+ 10. Kh1 Bg4 11. Be2 Bxe2 12. Qxe2 Nd7 13. c4 N5b6 14. Nd2 0-0-0 15. Nde4 Qe7 16. Be3 f5 17. Bxc5 Nxc5 18. Nd6+ Kb8 19. b4 Ncd7 20. a4 h5 21. Qe3 h4 22. Ne2 g5 23. a5 Nc8 24. c5 a6 25. fxg5 Rdg8 26. Nd4 Na7 27. Rf2 Rg6 28. Re1 Qg7 29. Qb3 Qe7 30. Nf3 Nf8 31. Rd1 Nh7 32. Qe3 Nb5 33. Rfd2 Nc7 34. Qf4 Nxg5 35. Nxg5 Rxg5 36. Nf7 Rg4 37. Qxg4 fxg4 38. Nxh8 Nd5 39. Rf2 Qg7 40. Nf7 g3 41. Rf3 Qg4 42. Nd6 h3 43. Rf8+ Kc7 44. Ne8+ 1-0

[Event "St Petersburg Autumn op"]
[Site "St Petersburg"]
[Date "2006.10.31"]
[Round "1"]
[White "Feofanov, Denis"]
[Black "Gorjunov, Sergey"]
[Result "1-0"]
[WhiteElo "2351"]
[BlackElo "2102"]
[PlyCount "95"]
[EventDate "2006.10.31"]
[EventType "swiss"]
[EventRounds "9"]
[EventCountry "RUS"]
[SourceTitle "EXT 2007"]
[Source "ChessBase"]
[SourceDate "2006.11.23"]
[SourceVersion "1"]
[SourceVersionDate "2006.11.23"]
[SourceQuality "1"]

1. Nf3 c5 2. g3 Nc6 3. Bg2 g6 4. 0-0 Bg7 5. d3 e6 6. e4 Nge7 7. Nbd2 0-0 8. Re1 d6 9. h4 h6 10. a4 f5 11. Nc4 Qc7 12. c3 fxe4 13. dxe4 d5 14. exd5 exd5 15. Na3 Bg4 16. Bf4 Rxf4 17. gxf4 Rf8 18. Qd2 Qxf4 19. Qxf4 Rxf4 20. Nh2 Bf5 21. Nb5 Rxh4 22. Nxa7 Be4 23. Nxc6 Nxc6 24. Bxe4 dxe4 25. Re3 Be5 26. Nf1 Bf4 27. Re2 Ne5 28. Kg2 Rg4+ 29. Kh3 h5 30. Ne3 Bxe3 31. Rxe3 Nf3 32. Rd1 Kg7 33. b4 cxb4 34. cxb4 Kf6 35. a5 Ke5 36. b5 Rf4 37. a6 bxa6 38. bxa6 Rf7 39. Ra1 Ra7 40. Ra5+ Kf4 41. Rb3 Rd7 42. Rb1 Rd2 43. Kg2 h4 44. Rh1 Rd8 45. a7 Ra8 46. Rb1 h3+ 47. Kh1 e3 48. Rb4+ 1-0

[Event "Autumn on Petrograd Side"]
[Site "St Petersburg"]
[Date "2006.09.28"]
[Round "9"]
[White "Feofanov, Denis"]
[Black "Zakharov, Yuri Vasilievich"]
[Result "1-0"]
[WhiteElo "2354"]
[BlackElo "2013"]
[PlyCount "68"]
[EventDate "2006.09.18"]
[EventType "swiss"]
[EventRounds "9"]
[EventCountry "RUS"]
[SourceTitle "EXT 2022"]
[Source "ChessBase"]
[SourceDate "2021.10.06"]
[SourceVersion "1"]
[SourceVersionDate "2021.10.06"]
[SourceQuality "1"]

1. d4 Nf6 2. c4 e6 3. Nf3 b6 4. g3 Bb7 5. Bg2 Bb4+ 6. Bd2 Bxd2+ 7. Qxd2 0-0 8. Nc3 d6 9. 0-0 Nbd7 10. Qc2 Rb8 11. e4 e5 12. d5 a5 13. a3 Ra8 14. b4 Qe7 15. Nd2 Rfb8 16. Rfc1 axb4 17. axb4 Qd8 18. Nb5 Ne8 19. Na7 g6 20. Nf1 Ng7 21. Ne3 h5 22. Ra3 h4 23. Rca1 hxg3 24. hxg3 Ne8 25. R1a2 Nef6 26. Qd1 Qf8 27. Qa1 Qe8 28. Nb5 Rxa3 29. Rxa3 Qd8 30. Ra7 Ne8 31. Qc3 c6 32. Rxb7 Rxb7 33. dxc6 Rb8 34. cxd7 Qxd7 1-0

[Event "Autumn on Petrograd Side"]
[Site "St Petersburg"]
[Date "2006.09.27"]
[Round "8"]
[White "Shlakich, Anna"]
[Black "Feofanov, Denis"]
[Result "0-1"]
[WhiteElo "2077"]
[BlackElo "2354"]
[PlyCount "78"]
[EventDate "2006.09.18"]
[EventType "swiss"]
[EventRounds "9"]
[EventCountry "RUS"]
[SourceTitle "EXT 2022"]
[Source "ChessBase"]
[SourceDate "2021.10.06"]
[SourceVersion "1"]
[SourceVersionDate "2021.10.06"]
[SourceQuality "1"]

1. e4 Nf6 2. Nc3 d6 3. d4 e5 4. dxe5 dxe5 5. Qxd8+ Kxd8 6. Bg5 Be6 7. 0-0-0+ Nbd7 8. Nd5 Kc8 9. Nxf6 gxf6 10. Bh4 Rg8 11. g3 Bc5 12. Rd2 c6 13. Bh3 Kc7 14. Bxe6 fxe6 15. Nh3 Raf8 16. Re1 Rf7 17. c3 Nf8 18. b4 Bb6 19. Red1 Ng6 20. Rd6 Nxh4 21. gxh4 Re7 22. R6d3 Rg4 23. Re1 Rxh4 24. Rg3 a5 25. f3 axb4 26. cxb4 Bd4 27. Re2 f5 28. Reg2 Kb6 29. Nf2 Be3+ 30. Kc2 Rd7 31. Nd3 Bf4 32. Nc5 Rd4 33. Rg7 Rxb4 34. Nxe6 fxe4 35. fxe4 Rxe4 36. Kd1 Rb4 37. a3 Rb5 38. Rf7 Ka5 39. Rg8 Rxh2 0-1

[Event "St Petersburg White Nights op"]
[Site "St Petersburg"]
[Date "2006.06.30"]
[Round "8"]
[White "Bazeev, German"]
[Black "Feofanov, Denis"]
[Result "0-1"]
[WhiteElo "2182"]
[BlackElo "2347"]
[PlyCount "84"]
[EventDate "2006.06.23"]
[EventType "swiss"]
[EventRounds "9"]
[EventCountry "RUS"]
[SourceTitle "CBM 112 Extra"]
[Source "ChessBase"]
[SourceDate "2006.07.14"]
[SourceVersion "1"]
[SourceVersionDate "2006.07.14"]
[SourceQuality "1"]

1. e4 d5 2. exd5 Qxd5 3. Nc3 Qa5 4. Nf3 Nf6 5. d4 Bg4 6. h3 Bh5 7. Bc4 e6 8. Bd2 Bb4 9. Qe2 0-0 10. g4 Bg6 11. 0-0-0 Nc6 12. a3 Bxa3 13. bxa3 Qxa3+ 14. Kb1 Nb4 15. Ne1 Nfd5 16. Nb5 Qa4 17. Kb2 Nxc2 18. Rc1 Nb6 19. Bb3 Nxd4 20. Nxd4 Qxd4+ 21. Ka2 Na4 22. Ba5 b6 23. Rc4 Qd5 24. Rxa4 Qxh1 25. Bc3 c5 26. Rf4 Qxh3 27. Nf3 Rae8 28. Qb2 Qf1 29. Nd2 Qa6+ 30. Ra4 Qd3 31. Bxg7 e5 32. Bxf8 Kxf8 33. Bc4 Qd7 34. Bb5 Qe6+ 35. Bc4 Qxg4 36. Rxa7 Qf4 37. Bb5 Rd8 38. Nc4 Rd4 39. Kb3 Bd3 40. Ra4 h5 41. f3 Qxf3 42. Nxe5 Bc4+ 0-1

[Event "St Petersburg White Nights op"]
[Site "St Petersburg"]
[Date "2006.06.29"]
[Round "7"]
[White "Feofanov, Denis"]
[Black "Vunder, Andrei"]
[Result "0-1"]
[WhiteElo "2347"]
[BlackElo "2293"]
[PlyCount "96"]
[EventDate "2006.06.23"]
[EventType "swiss"]
[EventRounds "9"]
[EventCountry "RUS"]
[SourceTitle "CBM 112 Extra"]
[Source "ChessBase"]
[SourceDate "2006.07.14"]
[SourceVersion "1"]
[SourceVersionDate "2006.07.14"]
[SourceQuality "1"]

1. d4 e6 2. c4 d5 3. Nf3 c5 4. cxd5 exd5 5. Nc3 Nc6 6. g3 Nf6 7. Bg2 Be7 8. 0-0 0-0 9. Bg5 cxd4 10. Nxd4 h6 11. Bf4 Bg4 12. h3 Bh5 13. Nf5 Bg6 14. Nxe7+ Qxe7 15. Nxd5 Nxd5 16. Qxd5 Rad8 17. Qc4 Nd4 18. e4 b5 19. Qd3 Bh5 20. g4 f5 21. Qe3 fxg4 22. hxg4 Bxg4 23. Bg3 Nf3+ 24. Kh1 Qe8 25. Qc5 Rf5 26. Qxf5 Bxf5 27. Bxf3 Bxe4 28. Bg2 Qh5+ 29. Kg1 Bxg2 30. Kxg2 Rd3 31. Rac1 Qf3+ 32. Kg1 h5 33. Rfe1 Qg4 34. Re8+ Kh7 35. Rcc8 Qf3 36. Rcd8 Rxd8 37. Rxd8 g5 38. Rd7+ Kg6 39. Rd6+ Kf5 40. Rd8 Kg4 41. Rd4+ Kf5 42. Rd8 Qg4 43. Rf8+ Ke6 44. Kh2 h4 45. Bb8 Qd4 46. Re8+ Kf7 47. Re2 a6 48. a3 g4 0-1

[Event "St Petersburg White Nights op"]
[Site "St Petersburg"]
[Date "2006.06.26"]
[Round "4"]
[White "Kosarev, Dmitry"]
[Black "Feofanov, Denis"]
[Result "1/2-1/2"]
[WhiteElo "2185"]
[BlackElo "2347"]
[PlyCount "63"]
[EventDate "2006.06.23"]
[EventType "swiss"]
[EventRounds "9"]
[EventCountry "RUS"]
[SourceTitle "CBM 112 Extra"]
[Source "ChessBase"]
[SourceDate "2006.07.14"]
[SourceVersion "1"]
[SourceVersionDate "2006.07.14"]
[SourceQuality "1"]

1. d4 d5 2. c4 Bf5 3. Nc3 e6 4. Nf3 c6 5. g3 Nf6 6. Bg2 Nbd7 7. 0-0 Be7 8. b3 0-0 9. Bb2 h6 10. Nd2 c5 11. dxc5 Nxc5 12. b4 Qb6 13. a3 a5 14. cxd5 axb4 15. axb4 Qxb4 16. Rxa8 Rxa8 17. Qc1 exd5 18. Nxd5 Nxd5 19. Bxd5 Na4 20. Ba1 Rc8 21. Qd1 Bc2 22. Qc1 Bg5 23. e3 Bf5 24. Qd1 Rd8 25. Qf3 Qxd2 26. Bxf7+ Kxf7 27. Qxf5+ Kg8 28. Qe6+ Kf8 29. Qf5+ Kg8 30. Qe6+ Kf8 31. Qf5+ Kg8 32. Qe6+ 1/2-1/2

[Event "St Petersburg White Nights op"]
[Site "St Petersburg"]
[Date "2006.06.24"]
[Round "2"]
[White "Goganov, Aleksey"]
[Black "Feofanov, Denis"]
[Result "1/2-1/2"]
[WhiteElo "2175"]
[BlackElo "2347"]
[PlyCount "103"]
[EventDate "2006.06.23"]
[EventType "swiss"]
[EventRounds "9"]
[EventCountry "RUS"]
[SourceTitle "CBM 112 Extra"]
[Source "ChessBase"]
[SourceDate "2006.07.14"]
[SourceVersion "1"]
[SourceVersionDate "2006.07.14"]
[SourceQuality "1"]

1. d4 Nf6 2. c4 Nc6 3. Nf3 e6 4. e3 Bb4+ 5. Bd2 a5 6. Nc3 0-0 7. Bd3 d6 8. a3 Bxc3 9. Bxc3 Qe7 10. 0-0 e5 11. d5 Nb8 12. e4 Bg4 13. b4 axb4 14. axb4 Nbd7 15. h3 Bh5 16. Qe2 h6 17. g4 Bg6 18. Nh4 Rfe8 19. Bd2 Nh7 20. Ng2 Nhf8 21. h4 Bh7 22. h5 Nf6 23. f3 N8d7 24. Qf2 Qf8 25. Be3 b6 26. Qd2 Kh8 27. Bc2 Rxa1 28. Rxa1 Ra8 29. Qc3 Qc8 30. Ra3 Nxg4 31. fxg4 Nf6 32. Rxa8 Qxa8 33. c5 bxc5 34. bxc5 Nxe4 35. Qc4 Nf6 36. Bxh7 Kxh7 37. cxd6 cxd6 38. Qc6 Qa1+ 39. Kh2 Nxg4+ 40. Kg3 Nf6 41. Qc7 Nxh5+ 42. Kh2 f5 43. Qxd6 f4 44. Bf2 Nf6 45. Qe6 h5 46. Qf5+ Kg8 47. Qe6+ Kh8 48. Qc8+ Kh7 49. Qf5+ Kg8 50. Qe6+ Kh8 51. Qc8+ Kh7 52. Qf5+ 1/2-1/2

[Event "St Petersburg Chigorin CC-ch"]
[Site "St Petersburg"]
[Date "2005.05.17"]
[Round "2"]
[White "Feofanov, Denis"]
[Black "Eltsov, Valery"]
[Result "1-0"]
[WhiteElo "2310"]
[BlackElo "2152"]
[PlyCount "127"]
[EventDate "2005.05.16"]
[EventType "swiss"]
[EventRounds "9"]
[EventCountry "RUS"]
[SourceTitle "EXT 2006"]
[Source "ChessBase"]
[SourceDate "2005.11.24"]
[SourceVersion "1"]
[SourceVersionDate "2005.11.24"]
[SourceQuality "1"]

1. f4 f5 2. Nf3 Nf6 3. g3 e6 4. Bg2 Be7 5. b3 0-0 6. Bb2 c5 7. e3 Nc6 8. Nc3 b6 9. Ne5 Bb7 10. Nxc6 Bxc6 11. Bxc6 dxc6 12. Qf3 Nd5 13. e4 Nxc3 14. Bxc3 Qc7 15. 0-0 Rae8 16. Rae1 Bd6 17. Re2 Qd7 18. Rfe1 Re7 19. Qd3 Rd8 20. Kg2 Kf8 21. Qf3 Kg8 22. Qh5 Qe8 23. Qg5 h6 24. Qh4 Rdd7 25. Kh1 Qf7 26. Qh3 Qf8 27. Qh5 Qf7 28. Qf3 Qe8 29. e5 Bb8 30. Qxc6 Rd5 31. Qxe8+ Rxe8 32. a4 g5 33. d3 a6 34. Ra1 Bc7 35. h3 Bd8 36. Kg2 Kf7 37. Kf3 Kg6 38. Bd2 Be7 39. Be3 Red8 40. Rd2 h5 41. Rad1 g4+ 42. hxg4 hxg4+ 43. Kg2 b5 44. axb5 axb5 45. c4 bxc4 46. dxc4 Rxd2+ 47. Rxd2 Rxd2+ 48. Bxd2 Kf7 49. Kf1 Ke8 50. Ke2 Kd7 51. Kd3 Kc6 52. Kc2 Bd8 53. Kb2 Bc7 54. Ka3 Bb6 55. Ka4 Bc7 56. Ba5 Bb8 57. Bd8 Kd7 58. Bb6 Kc6 59. Ka5 Bxe5 60. fxe5 f4 61. gxf4 g3 62. b4 cxb4 63. Bd4 b3 64. Kb4 1-0

[Event "Chigorin Memorial 12th"]
[Site "St Petersburg"]
[Date "2004.10.23"]
[Round "8"]
[White "Feofanov, Denis"]
[Black "Ovetchkin, Roman"]
[Result "0-1"]
[WhiteElo "2288"]
[BlackElo "2473"]
[PlyCount "60"]
[EventDate "2004.10.16"]
[EventType "swiss"]
[EventRounds "9"]
[EventCountry "RUS"]
[SourceTitle "EXT 2005"]
[Source "ChessBase"]
[SourceDate "2004.11.15"]
[SourceVersion "1"]
[SourceVersionDate "2004.11.15"]
[SourceQuality "1"]

1. f4 d5 2. Nf3 g6 3. g3 Bg7 4. Bg2 c6 5. c4 dxc4 6. Na3 Nh6 7. Nxc4 0-0 8. 0-0 c5 9. d3 Nc6 10. Rb1 Be6 11. a3 Rc8 12. Be3 Ng4 13. Bxc5 Nd4 14. Bxa7 Bxc4 15. dxc4 b6 16. Qd3 Nxf3+ 17. Bxf3 Qxd3 18. exd3 Bd4+ 19. Kh1 Ne3 20. c5 Nxf1 21. Rxf1 Bxc5 22. Rc1 Rc7 23. d4 Bd6 24. Rxc7 Bxc7 25. a4 Rd8 26. a5 bxa5 27. Kg2 Bd6 28. Be4 Rc8 29. Kf3 Rc4 30. Bb6 a4 0-1